Pays frontaliers de l'Autriche - Statistiques

Statistiques générales
  • Ce quiz a été pris 45 818 fois
  • Le résultat moyen est 7 sur 8
Statistiques - réponses
Longueur Pays % Correct
784 km Allemagne
99%
164 km Suisse
97%
362 km République tchèque
92%
366 km Hongrie
91%
430 km Italie
91%
91 km Slovaquie
89%
330 km Slovénie
89%
35 km Liechtenstein
83%
Aucun quiz correspondant
Distribution des résultats
% des personnes avec chaque résultat
Percentile par nombre de réponses
Votre historique - résultats
Vous n’avez pas pris ce quiz